Datum a čas kvízu

29.5 Celkem bodů Celkový počet nahraných bodů na tomto kvízu bez doplňovacích otázek.
5. Pořadí na kvízu Konečné umístění týmu na tomto kvízu.

Zaznamenané odpovědi

# Otázka Odpověď Body Výsledky
1. Kandidátka SPOLU do červnových... Hayato Okamura 0
2. Hudba z kterého amerického fil... Terminátor 1
3. Minulý týden jsme se dozvěděli... kameraman 1
4. Ředitelka české pobočky jedné... Google 1
5. Který zahraniční fotbalista do... Cristiano Ronaldo 1
6. Napište český i latinský název... kost stehenní, femur (os femoris) 1
7. Ve kterém českém městě najdeme... v Brně 0
8. Antropoložce Brennanové, hlavn... Temperance 0
9. Kterému zvířeti patří tato kos... hrochovi 1
10. V září roku 2012 byla pod park... Richard III. 0.5